[Event "ESP-ch U12 rapid"]
[Site "Salobrena"]
[Date "2023.07.16"]
[Round "9"]
[White "Campelo Mallo, Enma"]
[Black "Gil Romero, Alvaro"]
[Result "0-1"]
[WhiteElo "1153"]
[BlackElo "1296"]
[PlyCount "88"]
[EventDate "2023.07.15"]
[EventType "swiss (rapid)"]
[EventRounds "9"]
[EventCountry "ESP"]
[SourceTitle "EXT 2024"]
[Source "ChessBase"]
[SourceDate "2023.10.10"]
[SourceVersion "1"]
[SourceVersionDate "2023.10.10"]
[SourceQuality "1"]

1. d4 f5 2. Nf3 Nf6 3. g3 g6 4. Bg2 Bg7 5. 0-0 0-0 6. b3 b6 7. Bb2 Bb7 8. Nbd2 d6 9. c4 Nbd7 10. Rc1 Ne4 11. e3 Nxd2 12. Qxd2 e5 13. dxe5 Nxe5 14. Nd4 Bxg2 15. Kxg2 Qd7 16. Rfe1 Rae8 17. Qc2 Nc6 18. Nxc6 Qxc6+ 19. Kg1 Bxb2 20. Qxb2 Re5 21. Qd4 Rfe8 22. Rcd1 Qc5 23. Qxc5 Rxc5 24. Kg2 Rce5 25. Rd5 Kf7 26. Rxe5 Rxe5 27. Rd1 Ke6 28. Rd4 c6 29. Rh4 h5 30. Rd4 g5 31. h4 g4 32. Kf1 d5 33. Ke2 c5 34. cxd5+ Rxd5 35. Rxd5 Kxd5 36. Kd3 b5 37. a3 a5 38. Kd2 Ke4 39. Ke2 c4 40. bxc4 bxc4 41. a4 c3 42. Kd1 Kd3 43. Kc1 c2 44. Kb2 Kd2 0-1

[Event "ESP-ch U12"]
[Site "Salobrena"]
[Date "2023.07.12"]
[Round "4"]
[White "Campelo Mallo, Enma"]
[Black "De Martin Burtseva, Ivan"]
[Result "0-1"]
[WhiteElo "1057"]
[BlackElo "1392"]
[PlyCount "66"]
[EventDate "2023.07.10"]
[EventType "swiss"]
[EventRounds "9"]
[EventCountry "ESP"]
[SourceTitle "EXT 2024"]
[Source "ChessBase"]
[SourceDate "2023.10.10"]
[SourceVersion "1"]
[SourceVersionDate "2023.10.10"]
[SourceQuality "1"]

1. d4 Nf6 2. g3 e6 3. Bg2 d5 4. Nf3 Bd6 5. 0-0 0-0 6. b3 Nbd7 7. Bb2 b5 8. Nbd2 c5 9. e3 Ba6 10. Ne5 c4 11. e4 c3 12. Bxc3 b4 13. Bb2 Bxf1 14. Qxf1 Rc8 15. Rc1 dxe4 16. Nxe4 Nxe4 17. Bxe4 Nxe5 18. dxe5 Bc5 19. Qe2 Qg5 20. h4 Qxg3+ 21. Kf1 Qxh4 22. Qf3 Rcd8 23. Ke2 Qg5 24. Rh1 h6 25. Bc1 Qxe5 26. Kf1 f5 27. Bd3 Rf6 28. Bf4 Qd5 29. Qh3 Rg6 30. Bg3 Qf3 31. Be2 Qe4 32. Bd3 Qg4 33. Qg2 Qd1# 0-1